Sports Quiz

Random Sports or Football Quiz
Score 0/10 Timer 02:00
0 Plays Today
% Correct
Ken Ellis
95.3%
Dave Robinson
93%
Scott Hunter
90.7%
Gale Gillingham
86%
Ken Bowman
86%
Mike McCoy
86%
John Brockington
83.7%
Rich McGeorge
81.4%
MacArthur Lane
79.1%
Carroll Dale
76.7%

You're not logged in!

Compare scores with friends on all Sporcle quizzes.
OR
Log In

Sporcle TV

Today on Sporcle TV


Watch our educational content, quiz creation guides, and fun videos on Sporcle TV.

Show Comments

Extras

Top Quizzes Today


Score Distribution

Paid Content

Your Account Isn't Verified!

In order to create a playlist on Sporcle, you need to verify the email address you used during registration. Go to your Sporcle Settings to finish the process.

Report this User

Report this user for behavior that violates our Community Guidelines.

Details: